Cálculo: (Registro nro. 14517)

Detalles MARC
000 -Cabecera
Campo de control interno 00437nam a2200181Ia 4500
005 - Fecha y hora del registro
control field 20260306164920.0
008 - Elementos de Longitud Fija
fixed length control field 260306t1991||||xx |||||||||||||| ||spa||
041 ## - Idioma
Codigo Idioma ESP
082 ## - DEWEY y NOTACIÓN INTERNA
Dewey 515.15
Notación Interna L25 1991
100 ## - AUTOR
Autor denominación Larson, Ronald
Término de relación autor
245 #0 - TÍTULO DE MATERIAL BIBLIOGRÁFICO
Título Cálculo:
Título paralelo y geometría analítica
260 ## - CIUDAD, EDITORIAL, AÑO
Año 1991
300 ## - DESCRIPCIÓN
N° Páginas xx, 1134 páginas :
Dimensiones 23 cm.
650 ## - TEMAS
Temas Generalidades
654 ## - PROGRAMAS
Programa Dpto. de Matemáticas
942 ## - ELEMENTOS DE KOHA
Tipo de documento Libro
Nombre del creador Justo Noguera
Código de catalogador Justo Noguera
Esquema de clasificación Dewey Decimal Classification
Suppress in OPAC
Existencias
Codigo completo Registro Colección Copia número Disponibilidad Tipo de préstamo Biblioteca Actual Procedencia (Biblioteca) Ubicacón Fecha Ingreso Tipo de Adquisición Date last seen Total checkouts Price effective from Tipo de Item Estado del Material Fuente de Clasificación Damaged status Withdrawn status
515.15 L25 1991 U0015979 Universidad Católica San Pablo 1 Disponible Disponible Víctor Andrés Belaunde Víctor Andrés Belaunde Segundo piso 03/06/2026 Donación 06/03/2026   06/03/2026 Libro Bueno Dewey Decimal Classification